Представление документа в формате MARC21

Поле Инд. ПП Название Значение
Тип записи a
Библиографический уровень m
001 Контрольный номер 0a6954df-5b64-466a-83fa-cc5983411676
005 Дата корректировки 20140703144747.1
008 Кодируемые данные 060628
020 c Цена, тираж б/ц
040 a Служба первич. каталог. НБ ТвГУ
041 a Код языка текста rus
080 a Индекс УДК 811.161.1'276.16(043.3)
084 a Индекс другой классификации/Индекс ББК Ш141.12-33я031
090 x Авторский знак С50
a Полочн. индекс Ш141.12
100 1_ a Автор Смерчко Алла Константиновна
245 10 a Заглавие Глагольные фраземы высокого стиля русского литературного языка второй половины XVIII века
b Продолж. заглавия автореф. дис. ... канд. филол. наук : 10.02.01
c Ответственность Калинин. гос. ун-т
260 0_ a Место издания Калинин
b Издательство КГУ
c Дата издания 1974
300 a Объем 23 с.
500 a Примечание На правах рукоп.
504 a Библиография Библиогр. в конце кн. и в подстроч. примеч.
583 a Действие Получение впервые 248 27.06.2006
650 a Основная рубрика Русский язык
x Основная подрубрика Фразеология историческая
y Хронологическая подрубрика 18 в.
653 a Ключевые слова Русский язык
a Ключевые слова Фразеология русского языка
a Ключевые слова Историческая фразеология
a Ключевые слова Глагольные фраземы
a Ключевые слова Авторефераты
852 t Порядковый номер экземпляра 2
p Инвентарный номер б/н
888 a Бесплатные
930 a Новая/Ретро авторефераты
952 p 248.2006 б/ц 2 б/н
c Вид литературы А/Р н
954 a Дата поступления на обработку 20060629
999 a Подразделение 2 ч.з.